Statistics for Current PL Players With Most Appearances

Click here to take the quiz!

General Stats

  • This quiz has been taken 19 times
  • The average score is 5 of 15

Answer Stats

AppsCurrent ClubAnswer% Correct
498LiverpoolJames Milner
88%
496BournemouthJermain Defoe
69%
348ChelseaGary Cahill
44%
323Man UtdAntonio Valencia
38%
443ArsenalPetr Cech
31%
410EvertonLeighton Baines
25%
347ChelseaCesc Fabregas
25%
336Man UtdAsley Young
25%
334BurnleyJoe Hart
25%
368BurnleyAaron Lennon
19%
355EvertonPhil Jagielka
19%
326West HamMark Noble
19%
297EvertonTheo Walcott
19%
304SouthamptonSteven Davis
13%
301WatfordBen Foster
6%

Score Distribution

Percentile by Number Answered

Percent of People with Each Score

Your Score History

You have not taken this quiz